Busiest airports in Scandinavia - Statistics

General Stats
  • This quiz has been taken 290 times
  • The average score is 11 of 15
Answer Stats
Country City % Correct
Denmark Copenhagen
100%
Sweden Stockholm
100%
Finland Helsinki
99%
Norway Oslo
99%
Iceland Reykjavik
96%
Norway Bergen
91%
Sweden Gothenburg
90%
Sweden Malmo
88%
Norway Trondheim
79%
Denmark Aalborg
72%
Norway Tromso
66%
Denmark Billund
47%
Norway Bodo
30%
Sweden Lulea
26%
Norway Alesund
23%
No matching quizzes found
Score Distribution
Percent of People with Each Score
Percentile by Number Answered
Your Score History
You have not taken this quiz